000 00524nam a2200181Ia 4500
003 GCL
008 140319s9999 xx 000 0 ara d
040 _aGCL /
_cGCL
082 0 4 _a809.2
_bف د
100 1 _aفايز ترجيينى
245 1 0 _aالدراما ومذاهب الادب /
_cفايز ترجيينى
260 _a[S.N] :
_bالمؤسسة الحديثة للكتاب ،
_c1988
300 _a246 ص
490 _a
650 0 4 _aالمذاهب الادبية
650 0 4 _aالدراما
942 _2ddc
_cBK
999 _c32559
_d32559